| 000 | 01912cam a2200409 a 4500 | ||
|---|---|---|---|
| 999 |
_c1351 _d1351 |
||
| 001 | 17138123 | ||
| 003 | OSt | ||
| 005 | 20221228151817.0 | ||
| 008 | 120127s2012 onca j 001 0 eng | ||
| 010 | _a 2012003078 | ||
| 016 | _a20129006688 | ||
| 020 | _a9780778775935 (pbk. : alk. paper) | ||
| 035 | _a(OCoLC)ocn719431136 | ||
| 040 |
_aDLC _beng _cDLC _dBTCTA _dBDX _dBKX _dNLC _dMO3 _dYDXCP _dDLC _dKH8 |
||
| 042 |
_apcc _alcac |
||
| 043 | _aa-ja--- | ||
| 082 | 0 | 0 |
_a394.26952 PEP _223 |
| 100 | 1 |
_aPeppas, Lynn. _eauthor |
|
| 245 | 1 | 0 |
_aCultural traditions in Japan / _cLynn Peppas. |
| 260 |
_aSt. Catherines, ON ; _aNew York : _bCrabtree, _cc2012. |
||
| 300 |
_a32 p. : _bcol. ill. ; _c29 cm. |
||
| 490 | 1 | _aCultural traditions in my world | |
| 500 | _aIncludes index. | ||
| 505 | 0 | _aWelcome to Japan -- Religious traditions in Japan -- Family occasions -- Japanese New Year -- Spring Festival -- Doll Festival -- Flower Festival -- Golden Week -- Obon Festival -- Health and Sports Day -- Culture Day -- 7-5-3 Festival -- Labor Thanksgiving Day -- Emperor's Birthday. | |
| 520 | _aThis wonderful book describes the different traditions and festivals celebrated in Japan today and how they are influenced by a love of art, nature, beauty, and ritual. Young readers will also learn how the Japanese people celebrate family occasions. | ||
| 530 | _aIssued also in electronic format. | ||
| 650 | 0 |
_aFestivals _zJapan _vJuvenile literature. |
|
| 650 | 0 |
_aHolidays _zJapan _vJuvenile literature. |
|
| 650 | 1 |
_aFestivals _zJapan. |
|
| 650 | 1 |
_aHolidays _zJapan. |
|
| 651 | 0 |
_aJapan _xSocial life and customs _vJuvenile literature. |
|
| 651 | 1 |
_aJapan _xSocial life and customs. |
|
| 830 | 0 | _aCultural traditions in my world. | |
| 906 |
_a7 _bcbc _corignew _d1 _eecip _f20 _gy-gencatlg |
||
| 942 |
_2ddc _cNFIC |
||